000 00285nam a22001217a 4500
008 140109t xxu||||| |||| 00| 0 eng d
100 _aMoulana Altaf Hussain Hali
_9580
245 _aHayat e Javeed
246 _ahayat e javaid
300 _a340
440 _vVol 1
_9581
942 _2ddc
_cBK
999 _c16849
_d16849